Normal view
MARC view
Entry Personal Name
001 - CONTROL NUMBER
- control field: 19992
003 - CONTROL NUMBER IDENTIFIER
- control field: ARRUPE
005 - DATE AND TIME OF LATEST TRANSACTION
- control field: 20150921145009.0
008 - FIXED-LENGTH DATA ELEMENTS
- fixed length control field: 150921|| aca||aabn | a|a d
040 ## - CATALOGING SOURCE
- Original cataloging agency: ARRUPE
- Transcribing agency: ARRUPE
100 ## - HEADING--PERSONAL NAME
- Personal name: Queirós, Eça de,
- General subdivision: Portraits.
670 ## - SOURCE DATA FOUND
- Source citation: Work cat.: (ARRUPE)0: Berrini, Beatriz. 19990, Eça de Queiroz :, c1988.